000
00304nam a22001337a 4500
008
250417b |||||||| |||| 00| 0 eng d
020
_a
812250003
050
_a
JF 1525
_b
.S43
100
_a
Sharma M.P
245
_a
Public Administration
260
_a
India
_b
Kitab Matal
300
_a
1132p.
942
_c
BK
999
_c
3051
_d
3051